| 000 | 00466nam a2200133Ia 4500 | ||
|---|---|---|---|
| 008 | 200915s9999 xx 000 0 und d | ||
| 020 | _a978-971-014-590-4 | ||
| 100 | _aDeocampo, Felix R. | ||
| 245 |
_cFelix R. Deocampo, Bernardo Ramos, Rex L. Llonora _aGlobalization in contemporary world / |
||
| 260 |
_aBulacan : _bSt. Andew Publishing House _c2019 |
||
| 300 |
_aix , 357 pages : _billustrations ; _c25 cm. |
||
| 650 | _aGlobalization. | ||
| 650 | _aWorld Economics. | ||
| 999 |
_c364234 _d364234 |
||